Cinéma Clic - Qui meurt ou reste en vie dans Independance Day (1996) ? - Statistiques

Statistiques générales
  • Ce quiz a été pris 44 fois
  • Le résultat moyen est 15 sur 20
Statistiques - réponses
Hint Extra Hint Explanation Réponse % Correct
David Levinson David Levinson Reste en vie dans le film
87%
Capitaine Steven « Steve » Hiller Capitaine Steven « Steve » Hiller Reste en vie dans le film
87%
Alicia Casse Alicia Casse Reste en vie dans le film
87%
Président Thomas J. Whitmore Président Thomas J. Whitmore Reste en vie dans le film
82%
Le pilote Russell Casse Le pilote Russell Casse Meurt dans le film
79%
Miguel Casse Miguel Casse Reste en vie dans le film
79%
Patricia Whitmore Patricia Whitmore Reste en vie dans le film
79%
Jasmine Dubrow Jasmine Dubrow Reste en vie dans le film
76%
Première dame Marilyn Whitmore Première dame Marilyn Whitmore Meurt dans le film
74%
Femme sur le toit d'une tour Femme sur le toit d'une tour Meurt dans le film
74%
Marty Gilbert Marty Gilbert Meurt dans le film
71%
Albert Nimziki, Secrétaire à la Défense Albert Nimziki, Secrétaire à la Défense Reste en vie dans le film
71%
Major Mitchell Major Mitchell Reste en vie dans le film
71%
Assistant médical Assistant médical Meurt dans le film
68%
Constance « Connie » Spano Constance « Connie » Spano Reste en vie dans le film
68%
Julius Levinson, le père de David Julius Levinson, le père de David Reste en vie dans le film
68%
Capitaine Jimmy Widler Capitaine Jimmy Widler Meurt dans le film
66%
Tiffany Tiffany Meurt dans le film
66%
Général William M. Grey Général William M. Grey Reste en vie dans le film
66%
Dr Brackish Okun Dr Brackish Okun Personnage possédé par un alien puis dans le coma (révélation dans la suite)
63%
Aucun quiz correspondant
Distribution des résultats
% des personnes avec chaque résultat
Percentile par nombre de réponses
Votre historique - résultats
Vous n’avez pas pris ce quiz